[Event "1st Goa GM Open 2018"]
[Site "Taleigao"]
[Date "2018.10.20"]
[Round "10"]
[White "Singh, S. Vikramjit"]
[Black "Popov, Ivan"]
[Result "1/2-1/2"]
[WhiteElo "2192"]
[BlackElo "2611"]
[Annotator "TA"]
[PlyCount "132"]
[EventDate "2018.10.13"]
[EventType "swiss"]
[EventCountry "IND"]
[SourceTitle "playchess.com"]
[Source "ChessBase"]
[SourceQuality "1"]

{[%evp 18,132,10,10,43,41,47,35,34,31,37,34,27,4,0,0,0,0,0,-10,-12,-17,-6,-18,-14,-18,-17,-17,-19,-27,-25,-25,-25,-24,-24,-23,-16,-33,0,-14,-14,-43,-28,-28,-28,-43,-46,-57,-50,-63,-49,-76,-56,-52,0,0,0,-10,0,0,0,-13,-18,-16,0,0,0,6,35,0,0,0,0,0,0,0,0,0,76,15,8,8,10,56,70,70,516,483,473,254,222,77,76,8,12,8,8,0,8,8,8,8,8,8,8,8,8,8,8,8,8,0,0,0,8,0,0]} 1. d4 Nf6 2. c4 e6 3. Nf3 b6 4. g3 Ba6 5. b3 b5 6. cxb5 Bxb5 7. Bg2 Bb4+ 8. Bd2 a5 9. a3 {E15: Damenindisch (Hauptfortsetzung, Abweichungen)} Be7 (9... Bxd2+ 10. Qxd2 Bc6 11. O-O Qc8 12. Qc2 Qb7 13. Nbd2 O-O 14. Rfc1 Ra7 15. Ra2 Bd5 16. Rb2 d6 {1-0 (41) Karpov,A (2619)-Timman,J (2600) Groningen 2013 CBM 158 Extra [Ramirez Alvarez,Alejandro]}) 10. Nc3 {LiveBook: 4 Partien} Bc6 11. Qc2 {Weiß steht etwas besser.} d5 $146 ({Vorgänger:} 11... O-O 12. O-O Bb7 13. e4 {½-½ (13) Stanojevic,B (2278)-Rajkovic,D (2425) Obrenovac 2010}) 12. Ne5 Bb7 13. O-O Nbd7 14. Nxd7 Nxd7 15. e4 dxe4 16. Bxe4 Bxe4 17. Nxe4 O-O 18. Bf4 Rc8 19. Rfd1 Nb6 20. Qc6 Qd5 21. Qxd5 Nxd5 22. Bd2 Ra8 23. Nc3 c6 24. Nxd5 cxd5 25. b4 axb4 26. axb4 Bf6 27. Be3 Rfb8 (27... g5 {with more complications.} 28. b5 Rab8 29. Rdb1 Rb7 30. Rb3 Rfb8) 28. Rxa8 Rxa8 $11 {[%mdl 4096] Endspiel KTL-KTL} 29. Rb1 Kf8 30. b5 Ra7 31. Kf1 Ke8 32. Ke2 Kd7 33. Rb3 Bd8 34. h4 Bb6 35. h5 f5 (35... Ra2+ $15 36. Kd3 f6) 36. Kd3 Ra1 37. Kc2 Ra2+ 38. Rb2 Ra8 39. Kd3 Ra3+ 40. Kc2 e5 41. dxe5 d4 {[%cal Bd5d4,Bd4d3][%mdl 32]} 42. Bf4 d3+ 43. Kb1 Bd4 44. Ra2 $1 {[%cal Ra2a3]} Rb3+ 45. Kc1 Rxb5 46. Kd2 Bxf2 47. Kxd3 Bb6 (47... Bxg3 $11 {bleibt in der Remisbreite.} 48. Ra7+ (48. e6+ Kxe6 49. Kc4 Bxf4 $15) 48... Ke6 49. Bxg3 (49. Ra6+ Kd5 $11) 49... Rb3+ 50. Kd4 Rxg3 51. Ra6+ Kf7) 48. Ra8 (48. Ra6 $16) 48... Rd5+ 49. Kc4 Rc5+ 50. Kb4 {[#] Droht stark Ta6.} Rc6 51. Rg8 g6 $2 {[%mdl 8192]} ({Günstiger ist} 51... Bc7 $14) 52. Rg7+ $18 Ke8 53. Rxh7 (53. h6 $142) 53... gxh5 54. Rxh5 (54. Kb5 $18 {und der Rest ist Schweigen.} Rg6 55. Kc4 (55. Rxh5 Bf2 $14)) 54... Bf2 $16 55. Rh8+ ({Besser ist} 55. Rxf5 $16 {Schwarz muss nun g4 beachten.} Be1+ 56. Kb5) 55... Kf7 {Die Stellung ist ausgeglichen.} 56. Rh7+ Ke6 57. Rh2 Bd4 58. Rh6+ Kd5 59. Rxc6 Kxc6 $11 {KL-KL} 60. Kc4 Ba1 61. e6 Bf6 62. Bb8 Be7 63. Be5 Bd6 64. Kd4 Bc5+ 65. Kc4 Bd6 66. Kd4 Bc5+ {Precision: Weiß = 44%, Schwarz = 68%.} 1/2-1/2

[Event "1st Goa GM Open 2018"]
[Site "Taleigao"]
[Date "2018.10.20"]
[Round "10"]
[White "Matta, Vinay Kumar"]
[Black "Kathmale, Sameer"]
[Result "0-1"]
[WhiteElo "2129"]
[BlackElo "2343"]
[Annotator "TA"]
[PlyCount "120"]
[EventDate "2018.10.13"]
[EventType "swiss"]
[EventCountry "IND"]
[SourceTitle "playchess.com"]
[Source "ChessBase"]
[SourceQuality "1"]

{[%evp 19,120,0,3,5,41,20,48,0,37,29,34,19,19,18,19,18,29,32,67,40,45,45,54,18,12,11,16,-42,-34,-34,-47,-68,-43,-52,-30,-40,-38,-32,-29,-34,-59,-87,-72,-87,-102,-109,-85,-86,-75,-96,-37,-51,-21,-23,-21,-23,-31,-29,0,0,0,0,0,-2,0,0,0,0,0,0,0,0,0,0,-11,-80,-83,-84,-8,-92,-61,-78,-75,-454,-446,-365,-424,-495,0,-214,0,-450,-433,-428,-369,-12842,-12843,-12843,-12842,-12851,-29955,-12851,-12851]} 1. e4 c6 2. Nc3 d5 3. d4 dxe4 4. Nxe4 Nf6 5. Nxf6+ exf6 6. Nf3 Bd6 7. Be2 O-O 8. O-O Re8 9. c4 Nd7 {[%cal Bb8d7,Bd7f8,Bf8g6,Bg6e5,Be5c4][%mdl 32]} 10. Be3 Nf8 {LiveBook: 3 Games. B15: Caro-Kann: 3 Nc3: 3...g6 and 3...dxe4 4 Nxe4 Nf6 5 Nxf6+ exf6} (10... f5) 11. d5 c5 12. a3 $146 ({Predecessor:} 12. b4 b6 13. bxc5 bxc5 14. Rb1 Qc7 15. Qa4 Bf5 16. Rb2 Rab8 17. Rxb8 Rxb8 18. Rd1 {1-0 (48) Kartsev,S (2223)-Molinaroli,M (2220) Germany 2014}) 12... f5 {[%cal Bf6f5,Bf5f4][%mdl 32] The position is equal.} 13. b4 b6 14. bxc5 bxc5 15. Rb1 Ng6 16. Re1 f4 17. Bd2 Bg4 18. h3 Bh5 19. Nh2 (19. Bc3 {with more complications.} Qd7 20. Nd2 Bxe2 21. Rxe2 Rad8 22. Nf3) 19... Bxe2 20. Rxe2 Ne5 21. Bxf4 {Qc2 is the strong threat.} Nxc4 22. Rxe8+ Qxe8 23. Qc1 (23. Qd3 $11 Bxf4 24. Qxc4) 23... Qe4 $1 $15 24. Bxd6 Nxd6 25. Qd1 h6 26. Nf1 c4 27. Ne3 f5 28. Qc2 Qxc2 29. Nxc2 {[%mdl 4096] Endgame KRN-KRN} Rc8 30. g3 Rc5 31. Rb8+ Kf7 32. Rd8 Rxd5 33. Rd7+ Ke6 34. Rxa7 c3 (34... g5 $17 {White must now prevent ...c3.} 35. Nb4 Rd2) 35. Rxg7 Rd1+ 36. Kg2 Rd2 37. Nb4 $1 Ne4 38. Kf3 $1 Nxf2 39. g4 Nxh3 {aiming for ...Ng5+.} 40. gxf5+ Kxf5 41. Rf7+ Ke5 42. Ke3 Rg2 43. Kd3 Rg3+ 44. Kc2 Ng5 45. Rd7 h5 46. Nd3+ Kf5 {Hoping for ...h4.} 47. Rd5+ (47. Rd8 $1 $11) 47... Ke4 $17 48. Rd8 h4 ({Black should try} 48... Ke3 $1 $17 {And now ...Ne4 would win.} 49. Re8+ Ne4) 49. Re8+ {[#]} (49. Rh8 $11) 49... Kf3 $1 {Strongly threatening ...h3.} 50. Rf8+ $1 Ke3 51. Re8+ $2 {[%mdl 8192]} (51. Nf4 $17) 51... Ne4 $19 {Threatens to win with ...Rg2+.} 52. Nc5 Rg2+ 53. Kc1 Rg1+ (53... Rg4 $142 54. Kc2 Kf3 55. Nxe4 Rxe4 56. Rf8+ Rf4) 54. Kc2 {[#]} Rg2+ $2 (54... Rg4 $1 55. Nxe4 Rxe4) 55. Kc1 Rg4 56. Kc2 Kf3 57. Nxe4 $2 (57. Nd3 Rg2+ 58. Kb3) 57... Rxe4 58. Rh8 Kg3 59. Kxc3 h3 60. Kd3 Rh4 {Precision: White = 49%, Black = 45%.} 0-1

[Event "1st Goa GM Open 2018"]
[Site "Taleigao"]
[Date "2018.10.20"]
[Round "10"]
[White "Manigandan, S S"]
[Black "Rajdeep Sarkar"]
[Result "1/2-1/2"]
[WhiteElo "2120"]
[BlackElo "2355"]
[Annotator "TA"]
[PlyCount "91"]
[EventDate "2018.10.13"]
[EventType "swiss"]
[EventCountry "IND"]
[SourceTitle "playchess.com"]
[Source "ChessBase"]
[SourceQuality "1"]

{[%evp 20,91,0,0,0,0,0,0,7,8,61,50,43,42,36,20,29,0,0,0,0,-25,-8,-36,-22,-66,-64,-75,-64,-60,-63,-97,-72,-72,-55,-73,-83,-116,-104,-156,-58,-48,-52,-154,-143,-150,-154,-217,-213,-295,-307,-358,-377,-503,-516,-579,-581,-553,-542,-854,-852,-843,-827,-635,0,0,0,0,0,0,0,0,0,0]} 1. d4 d5 2. Nf3 Nf6 3. c4 dxc4 4. Nc3 a6 5. a4 Nc6 6. e4 Bg4 7. Be3 Bxf3 8. gxf3 e5 9. dxe5 {D24: Queen's Gambit Accepted: 3 Nf3 Nf6 4 Nc3} Nxe5 10. f4 Nd3+ 11. Bxd3 $1 {LiveBook: 3 Games} Qxd3 (11... cxd3 12. Qb3 Be7 13. O-O-O O-O 14. Rhg1 b5 15. e5 Nd7 16. Rxd3 Qc8 {0-1 (30) Ivanchuk,V (2710)-Dominguez Perez,L (2732) Huaian 2016}) 12. e5 Qxd1+ 13. Rxd1 Ng4 14. Rd4 {[#]} c5 $146 (14... f6 $11) ({Predecessor:} 14... f6 15. Rxc4 c6 16. Rg1 Nxe3 17. fxe3 {½-½ (57) Konopka,M (2405)-Fominyh,A (2520) Thessaloniki 1996}) 15. Rxc4 $14 b5 16. Re4 $1 ({Much worse is} 16. axb5 Nxe3 17. fxe3 axb5 $17) 16... Kd7 17. f5 Nxe3 18. Rxe3 (18. fxe3 {feels hotter.} b4 19. Ne2 g6 20. Rf1 Rd8 21. Ng3) 18... Kc6 19. O-O c4 $36 {[%mdl 2048] Black fights for an advantage.} 20. Ne4 Be7 21. Rc1 Rhd8 22. Rg3 Rd4 23. Re1 g6 24. f6 Bb4 25. Re2 Rf8 26. axb5+ axb5 27. Kg2 {[#]} Kd5 $1 28. Ng5 Rd2 29. Rge3 {[#]} ({Better is} 29. Rxd2+ Bxd2 30. e6 fxe6 31. Nxh7) 29... Rxe2 (29... h6 $1 $17 {[%cal Rh6g5]} 30. Nf3 Rxe2 31. Rxe2 c3) 30. Rxe2 $17 {[%mdl 4096] Endgame KRB-KRN} h6 31. Nf3 ({White should try} 31. Nh3 $1 $15) 31... Re8 32. Kg3 c3 33. h4 (33. Rc2 $17) 33... Rc8 $19 34. bxc3 Bxc3 35. e6 fxe6 36. Nh2 Bxf6 37. Ng4 Bd4 38. Rd2 Rc3+ 39. f3 b4 40. Nf6+ Kc4 41. Ne4 Rd3 $2 (41... Rc1 $19 42. Ra2 Rg1+ 43. Kh3 b3 44. Nd2+ Kc3 45. Nxb3 Kxb3) 42. Nd6+ $11 {The position is equal.} Kc3 43. Ne4+ Kc4 44. Nd6+ Kc3 45. Ne4+ Kc4 {White must now prevent ...Rxd2.} 46. Nd6+ {Precision: White = 34%, Black = 58%.} 1/2-1/2